[Event "DEM U12 2023"]
[Site "Willingen GER"]
[Date "2023.05.31"]
[Round "6"]
[White "Glöckler, Christian"]
[Black "Buchinger, Alexis"]
[Result "1-0"]
[Termination "normal"]
[Board "1"]
[WhiteTitle "FM"]
[WhiteElo "2288"]
[BlackElo "1943"]
[WhiteClock "01:02:14"]
[BlackClock "00:23:48"]
[PlyCount "73"]
[WhiteFideId "34608966"]
[BlackFideId "16287134"]
[EventCountry "GER"]
[EventRounds "9"]
[EventType "swiss"]
[EventDate "2023.05.27"]

1. c4 {[%clk 01:30:54]} {[%emt 00:00:06]} Nf6 {[%clk 01:30:51]} {[%emt
00:00:10]} 2. d4 {[%clk 01:31:00]} {[%emt 00:00:24]} g6 {[%clk 01:31:13]}
{[%emt 00:00:08]} 3. Nc3 {[%clk 01:31:23]} {[%emt 00:00:06]} Bg7 {[%clk
01:31:39]} {[%emt 00:00:04]} 4. e4 {[%clk 01:31:42]} {[%emt 00:00:11]} d6
{[%clk 01:32:07]} {[%emt 00:00:04]} 5. h3 {[%clk 01:31:51]} {[%emt 00:00:19]}
Nc6 {[%clk 01:31:38]} {[%emt 00:01:01]} 6. d5 {[%clk 01:31:47]} {[%emt
00:00:33]} Ne5 {[%clk 01:32:04]} {[%emt 00:00:04]} 7. f4 {[%clk 01:31:47]}
{[%emt 00:00:30]} Ned7 {[%clk 01:32:30]} {[%emt 00:00:04]} 8. Be3 {[%clk
01:31:32]} {[%emt 00:00:44]} O-O {[%clk 01:27:28]} {[%emt 00:05:33]} 9. Nge2
{[%clk 01:30:05]} {[%emt 00:01:56]} e6 {[%clk 01:24:55]} {[%emt 00:03:04]} 10.
dxe6 {[%clk 01:26:16]} {[%emt 00:04:19]} fxe6 {[%clk 01:24:54]} {[%emt
00:00:30]} 11. g4 {[%clk 01:25:38]} {[%emt 00:01:09]} Nb6 {[%clk 01:12:35]}
{[%emt 00:12:49]} 12. Ng3 {[%clk 01:21:37]} {[%emt 00:04:30]} c6 {[%clk
01:06:33]} {[%emt 00:06:33]} 13. g5 {[%clk 01:20:32]} {[%emt 00:01:34]} Ne8
{[%clk 01:01:30]} {[%emt 00:05:33]} 14. c5 {[%clk 01:19:50]} {[%emt 00:01:12]}
Nd7 {[%clk 00:58:10]} {[%emt 00:03:51]} 15. cxd6 {[%clk 01:16:02]} {[%emt
00:04:18]} Qa5 {[%clk 00:56:42]} {[%emt 00:01:58]} 16. e5 {[%clk 01:12:58]}
{[%emt 00:03:33]} b5 {[%clk 00:40:09]} {[%emt 00:17:04]} 17. Bg2 {[%clk
01:09:30]} {[%emt 00:03:58]} b4 {[%clk 00:36:48]} {[%emt 00:03:51]} 18. Qa4
{[%clk 01:08:21]} {[%emt 00:01:39]} Qxa4 {[%clk 00:36:45]} {[%emt 00:00:33]}
19. Nxa4 {[%clk 01:08:41]} {[%emt 00:00:10]} Bb7 {[%clk 00:34:42]} {[%emt
00:02:33]} 20. O-O {[%clk 01:05:13]} {[%emt 00:03:57]} Rf7 {[%clk 00:29:58]}
{[%emt 00:05:14]} 21. Ne4 {[%clk 01:04:59]} {[%emt 00:00:45]} Rd8 {[%clk
00:28:09]} {[%emt 00:02:17]} 22. Nec5 {[%clk 01:03:51]} {[%emt 00:01:39]} Nxc5
{[%clk 00:26:43]} {[%emt 00:01:58]} 23. Nxc5 {[%clk 01:04:05]} {[%emt
00:00:15]} Bc8 {[%clk 00:25:24]} {[%emt 00:01:48]} 24. Rad1 {[%clk 01:01:54]}
{[%emt 00:02:41]} Bf8 {[%clk 00:21:00]} {[%emt 00:04:55]} 25. Bxc6 {[%clk
00:59:43]} {[%emt 00:02:41]} Nxd6 {[%clk 00:21:03]} {[%emt 00:00:26]} 26. exd6
{[%clk 01:00:00]} {[%emt 00:00:14]} Rxd6 {[%clk 00:21:17]} {[%emt 00:00:15]}
27. Rxd6 {[%clk 01:00:15]} {[%emt 00:00:16]} Bxd6 {[%clk 00:21:46]} {[%emt
00:00:01]} 28. Ne4 {[%clk 01:00:30]} {[%emt 00:00:14]} Rc7 {[%clk 00:21:51]}
{[%emt 00:00:26]} 29. Nf6+ {[%clk 01:00:26]} {[%emt 00:00:34]} Kf7 {[%clk
00:21:56]} {[%emt 00:00:24]} 30. Rc1 {[%clk 01:00:30]} {[%emt 00:00:26]} Bb7
{[%clk 00:21:39]} {[%emt 00:00:48]} 31. Bxb7 {[%clk 01:00:45]} {[%emt
00:00:14]} Rxb7 {[%clk 00:22:08]} {[%emt 00:00:01]} 32. Rd1 {[%clk 01:00:46]}
{[%emt 00:00:29]} Be7 {[%clk 00:22:33]} {[%emt 00:00:06]} 33. Rd7 {[%clk
01:00:53]} {[%emt 00:00:23]} Rxd7 {[%clk 00:22:58]} {[%emt 00:00:05]} 34. Nxd7
{[%clk 01:01:18]} {[%emt 00:00:05]} Bd6 {[%clk 00:23:08]} {[%emt 00:00:20]} 35.
Ne5+ {[%clk 01:01:36]} {[%emt 00:00:11]} Bxe5 {[%clk 00:23:37]} {[%emt
00:00:01]} 36. fxe5 {[%clk 01:01:55]} {[%emt 00:00:12]} Ke7 {[%clk 00:23:48]}
{[%emt 00:00:20]} 37. Bxa7 {[%clk 01:02:14]} {[%emt 00:00:11]} 1-0

[Event "DEM U12 2023"]
[Site "Willingen GER"]
[Date "2023.05.31"]
[Round "6"]
[White "Nezhyvenko, Mykhaylo"]
[Black "Derr, Oleg"]
[Result "1-0"]
[Termination "normal"]
[Board "3"]
[WhiteElo "1787"]
[BlackElo "1579"]
[WhiteClock "00:41:01"]
[BlackClock "00:02:46"]
[PlyCount "105"]
[WhiteFideId "34139885"]
[BlackFideId "34611517"]
[EventCountry "GER"]
[EventRounds "9"]
[EventType "swiss"]
[EventDate "2023.05.27"]

1. e4 {[%clk 01:30:48]} {[%emt 00:00:12]} c5 {[%clk 01:30:51]} {[%emt
00:00:09]} 2. c4 {[%clk 01:30:33]} {[%emt 00:00:45]} Nc6 {[%clk 01:28:55]}
{[%emt 00:02:27]} 3. Nc3 {[%clk 01:29:31]} {[%emt 00:01:32]} e6 {[%clk
01:28:46]} {[%emt 00:00:38]} 4. g3 {[%clk 01:27:37]} {[%emt 00:02:24]} d6
{[%clk 01:27:26]} {[%emt 00:01:50]} 5. Nge2 {[%clk 01:27:00]} {[%emt 00:01:07]}
Nf6 {[%clk 01:25:35]} {[%emt 00:02:21]} 6. Bg2 {[%clk 01:26:24]} {[%emt
00:01:05]} Be7 {[%clk 01:23:01]} {[%emt 00:03:05]} 7. O-O {[%clk 01:25:43]}
{[%emt 00:01:10]} O-O {[%clk 01:21:21]} {[%emt 00:02:11]} 8. d4 {[%clk
01:25:36]} {[%emt 00:00:37]} cxd4 {[%clk 01:19:59]} {[%emt 00:01:52]} 9. Nxd4
{[%clk 01:25:47]} {[%emt 00:00:19]} e5 {[%clk 01:18:31]} {[%emt 00:01:59]} 10.
Nc2 {[%clk 01:25:48]} {[%emt 00:00:28]} Bg4 {[%clk 01:15:47]} {[%emt 00:03:14]}
11. Qd3 {[%clk 01:20:56]} {[%emt 00:05:22]} Rc8 {[%clk 01:09:51]} {[%emt
00:06:27]} 12. b3 {[%clk 01:20:13]} {[%emt 00:01:13]} Qd7 {[%clk 01:00:02]}
{[%emt 00:10:19]} 13. Ne3 {[%clk 01:18:57]} {[%emt 00:01:45]} Rfd8 {[%clk
00:51:40]} {[%emt 00:08:52]} 14. Nxg4 {[%clk 01:17:20]} {[%emt 00:02:06]} Qxg4
{[%clk 00:51:56]} {[%emt 00:00:15]} 15. Be3 {[%clk 01:16:46]} {[%emt 00:01:04]}
b6 {[%clk 00:46:39]} {[%emt 00:05:47]} 16. Qe2 {[%clk 01:14:34]} {[%emt
00:02:43]} Qxe2 {[%clk 00:44:34]} {[%emt 00:02:34]} 17. Nxe2 {[%clk 01:13:20]}
{[%emt 00:01:44]} h6 {[%clk 00:39:02]} {[%emt 00:06:02]} 18. h3 {[%clk
01:11:47]} {[%emt 00:01:59]} Nd7 {[%clk 00:35:59]} {[%emt 00:03:37]} 19. Nc3
{[%clk 01:11:22]} {[%emt 00:00:56]} Nc5 {[%clk 00:34:38]} {[%emt 00:01:50]} 20.
Nd5 {[%clk 01:11:28]} {[%emt 00:00:24]} Bf8 {[%clk 00:34:45]} {[%emt 00:00:23]}
21. Rad1 {[%clk 01:10:56]} {[%emt 00:01:02]} Ne7 {[%clk 00:33:57]} {[%emt
00:01:18]} 22. Nxe7+ {[%clk 01:09:53]} {[%emt 00:01:32]} Bxe7 {[%clk 00:34:16]}
{[%emt 00:00:12]} 23. f4 {[%clk 01:08:59]} {[%emt 00:01:24]} Rc7 {[%clk
00:25:14]} {[%emt 00:09:33]} 24. Rd5 {[%clk 01:06:30]} {[%emt 00:02:58]} Rb8
{[%clk 00:23:00]} {[%emt 00:02:44]} 25. Rfd1 {[%clk 00:58:44]} {[%emt
00:08:16]} f6 {[%clk 00:22:05]} {[%emt 00:01:25]} 26. f5 {[%clk 00:52:40]}
{[%emt 00:06:34]} a5 {[%clk 00:19:15]} {[%emt 00:03:20]} 27. g4 {[%clk
00:51:03]} {[%emt 00:02:07]} Kf7 {[%clk 00:16:32]} {[%emt 00:03:13]} 28. Rb1
{[%clk 00:48:16]} {[%emt 00:03:18]} Ra8 {[%clk 00:14:10]} {[%emt 00:02:51]} 29.
Kf2 {[%clk 00:47:21]} {[%emt 00:01:25]} Rc6 {[%clk 00:14:01]} {[%emt 00:00:39]}
30. Kf3 {[%clk 00:47:04]} {[%emt 00:00:48]} Ra7 {[%clk 00:13:29]} {[%emt
00:01:02]} 31. h4 {[%clk 00:46:38]} {[%emt 00:00:55]} Ra8 {[%clk 00:13:28]}
{[%emt 00:00:31]} 32. Bf1 {[%clk 00:46:52]} {[%emt 00:00:16]} Ra7 {[%clk
00:12:33]} {[%emt 00:01:25]} 33. a3 {[%clk 00:46:49]} {[%emt 00:00:33]} Ra8
{[%clk 00:12:36]} {[%emt 00:00:28]} 34. b4 {[%clk 00:46:19]} {[%emt 00:01:00]}
axb4 {[%clk 00:12:07]} {[%emt 00:00:59]} 35. axb4 {[%clk 00:46:48]} Nd7 {[%clk
00:12:25]} {[%emt 00:00:11]} 36. Rd2 {[%clk 00:47:00]} {[%emt 00:00:18]} Ra3
{[%clk 00:11:20]} {[%emt 00:01:35]} 37. Rd3 {[%clk 00:46:42]} {[%emt 00:00:49]}
Rxd3 {[%clk 00:09:15]} {[%emt 00:02:34]} 38. Bxd3 {[%clk 00:47:10]} {[%emt
00:00:02]} Rc7 {[%clk 00:09:33]} {[%emt 00:00:12]} 39. Ra1 {[%clk 00:47:22]}
{[%emt 00:00:18]} d5 {[%clk 00:08:56]} {[%emt 00:01:07]} 40. cxd5 {[%clk
00:47:15]} {[%emt 00:00:38]} Bxb4 {[%clk 00:09:08]} {[%emt 00:00:18]} 41. Bb5
{[%clk 00:47:40]} {[%emt 00:00:05]} Bc5 {[%clk 00:08:30]} {[%emt 00:01:07]} 42.
Bxc5 {[%clk 00:47:25]} {[%emt 00:00:46]} bxc5 {[%clk 00:07:47]} {[%emt
00:01:13]} 43. d6 {[%clk 00:46:37]} {[%emt 00:01:17]} Rb7 {[%clk 00:08:11]}
{[%emt 00:00:07]} 44. Bc6 {[%clk 00:46:55]} {[%emt 00:00:12]} Rb3+ {[%clk
00:08:23]} {[%emt 00:00:17]} 45. Ke2 {[%clk 00:47:20]} {[%emt 00:00:05]} Nb6
{[%clk 00:07:58]} {[%emt 00:00:55]} 46. Ra7+ {[%clk 00:43:22]} {[%emt
00:04:28]} Kf8 {[%clk 00:08:09]} {[%emt 00:00:20]} 47. Rb7 {[%clk 00:41:28]}
{[%emt 00:02:23]} Rb2+ {[%clk 00:04:39]} {[%emt 00:04:00]} 48. Kd3 {[%clk
00:39:52]} {[%emt 00:02:06]} Na4 {[%clk 00:03:34]} {[%emt 00:01:36]} 49. Rxb2
{[%clk 00:39:36]} {[%emt 00:00:45]} Nxb2+ {[%clk 00:03:45]} {[%emt 00:00:18]}
50. Kc3 {[%clk 00:40:00]} {[%emt 00:00:06]} Nd1+ {[%clk 00:03:34]} {[%emt
00:00:42]} 51. Kc4 {[%clk 00:40:23]} {[%emt 00:00:08]} Ne3+ {[%clk 00:02:32]}
{[%emt 00:01:31]} 52. Kxc5 {[%clk 00:40:51]} {[%emt 00:00:02]} Nc2 {[%clk
00:02:46]} {[%emt 00:00:16]} 53. Kb6 {[%clk 00:41:01]} {[%emt 00:00:20]} 1-0

[Event "DEM U12 2023"]
[Site "Willingen GER"]
[Date "2023.05.31"]
[Round "6"]
[White "Nemitz, Alfred"]
[Black "Sydykov, Bayastan"]
[Result "1-0"]
[Termination "normal"]
[Board "4"]
[WhiteElo "2079"]
[BlackElo "1939"]
[WhiteClock "00:04:51"]
[BlackClock "00:40:18"]
[PlyCount "93"]
[WhiteFideId "34601791"]
[BlackFideId "13829610"]
[EventCountry "GER"]
[EventRounds "9"]
[EventType "swiss"]
[EventDate "2023.05.27"]

1. d4 {[%clk 01:30:21]} {[%emt 00:00:38]} Nf6 {[%clk 01:30:16]} {[%emt
00:00:45]} 2. Nf3 {[%clk 01:30:41]} {[%emt 00:00:09]} e6 {[%clk 01:30:23]}
{[%emt 00:00:24]} 3. Bg5 {[%clk 01:30:57]} {[%emt 00:00:13]} c5 {[%clk
01:30:15]} {[%emt 00:00:38]} 4. e3 {[%clk 01:31:19]} {[%emt 00:00:07]} Be7
{[%clk 01:29:58]} {[%emt 00:00:48]} 5. Nbd2 {[%clk 01:31:24]} {[%emt 00:00:21]}
b6 {[%clk 01:29:22]} {[%emt 00:01:10]} 6. Bd3 {[%clk 01:29:19]} {[%emt
00:02:33]} Ba6 {[%clk 01:28:41]} {[%emt 00:01:13]} 7. Qe2 {[%clk 01:18:54]}
{[%emt 00:10:54]} Bxd3 {[%clk 01:28:48]} {[%emt 00:00:24]} 8. Qxd3 {[%clk
01:19:21]} {[%emt 00:00:03]} O-O {[%clk 01:27:09]} {[%emt 00:02:09]} 9. O-O
{[%clk 01:19:33]} {[%emt 00:00:16]} Nc6 {[%clk 01:26:08]} {[%emt 00:01:33]} 10.
c3 {[%clk 01:19:54]} {[%emt 00:00:09]} cxd4 {[%emt 00:02:29]} 11. exd4 {[%clk
01:20:00]} {[%emt 00:00:06]} d6 {[%clk 01:24:03]} {[%emt 00:00:55]} 12. Rfe1
{[%clk 01:19:45]} {[%emt 00:00:43]} Nd5 {[%clk 01:23:08]} {[%emt 00:01:26]} 13.
Ne4 {[%clk 01:16:54]} {[%emt 00:03:21]} f5 {[%clk 01:22:43]} {[%emt 00:00:56]}
14. Bxe7 {[%clk 01:15:44]} {[%emt 00:01:40]} Qxe7 {[%clk 01:14:55]} {[%emt
00:08:17]} 15. Neg5 {[%clk 01:14:23]} {[%emt 00:01:48]} Nf4 {[%clk 01:14:12]}
{[%emt 00:01:16]} 16. Qd2 {[%clk 01:06:22]} {[%emt 00:08:31]} e5 {[%clk
01:08:58]} {[%emt 00:05:44]} 17. d5 {[%clk 01:04:47]} {[%emt 00:02:05]} h6
{[%clk 01:09:00]} {[%emt 00:00:28]} 18. dxc6 {[%emt 00:24:53]} hxg5 {[%clk
01:09:19]} {[%emt 00:00:09]} 19. h4 {[%clk 00:40:50]} {[%emt 00:00:06]} Qc7
{[%clk 01:02:22]} {[%emt 00:07:27]} 20. hxg5 {[%clk 00:30:18]} {[%emt
00:11:01]} g6 {[%clk 00:55:27]} {[%emt 00:07:25]} 21. Rad1 {[%clk 00:28:06]}
{[%emt 00:02:42]} Rad8 {[%clk 00:48:01]} {[%emt 00:07:56]} 22. g3 {[%clk
00:25:46]} {[%emt 00:02:51]} Ne6 {[%clk 00:44:57]} {[%emt 00:03:34]} 23. Qd5
{[%clk 00:25:06]} {[%emt 00:01:09]} Qf7 {[%clk 00:43:57]} {[%emt 00:01:30]} 24.
Nh4 {[%clk 00:10:30]} {[%emt 00:15:05]} Kg7 {[%clk 00:42:25]} {[%emt 00:02:03]}
25. f4 {[%clk 00:10:02]} {[%emt 00:00:59]} e4 {[%clk 00:41:10]} {[%emt
00:01:46]} 26. b4 {[%clk 00:09:54]} {[%emt 00:00:38]} Nc7 {[%clk 00:35:49]}
{[%emt 00:05:51]} 27. Qxf7+ {[%clk 00:09:33]} {[%emt 00:00:50]} Kxf7 {[%clk
00:35:25]} {[%emt 00:00:54]} 28. c4 {[%clk 00:09:48]} {[%emt 00:00:15]} b5
{[%clk 00:34:24]} {[%emt 00:01:31]} 29. cxb5 {[%clk 00:08:38]} {[%emt
00:01:40]} d5 {[%clk 00:34:49]} {[%emt 00:00:05]} 30. a4 {[%clk 00:08:21]}
{[%emt 00:00:47]} d4 {[%clk 00:33:00]} {[%emt 00:02:19]} 31. g4 {[%clk
00:08:17]} {[%emt 00:00:33]} Rh8 {[%clk 00:31:40]} {[%emt 00:01:51]} 32. gxf5
{[%clk 00:06:24]} {[%emt 00:02:23]} Rxh4 {[%clk 00:31:10]} {[%emt 00:01:00]}
33. Rxe4 {[%clk 00:06:02]} {[%emt 00:00:52]} gxf5 {[%clk 00:29:30]} {[%emt
00:02:09]} 34. Rexd4 {[%clk 00:05:28]} {[%emt 00:01:04]} Rg4+ {[%clk 00:29:39]}
{[%emt 00:00:22]} 35. Kf2 {[%clk 00:05:13]} {[%emt 00:00:44]} Rxf4+ {[%clk
00:29:55]} {[%emt 00:00:15]} 36. Rxf4 {[%clk 00:05:37]} {[%emt 00:00:05]} Rxd1
{[%clk 00:30:20]} {[%emt 00:00:06]} 37. Rxf5+ {[%clk 00:06:01]} {[%emt
00:00:06]} Kg6 {[%clk 00:27:24]} {[%emt 00:03:26]} 38. Re5 {[%clk 00:01:36]}
{[%emt 00:04:54]} Rd2+ {[%clk 00:22:42]} {[%emt 00:05:13]} 39. Ke3 {[%clk
00:01:24]} {[%emt 00:00:42]} Rb2 {[%clk 00:21:11]} {[%emt 00:02:01]} 40. Re4
{[%clk 00:00:42]} {[%emt 00:01:10]} Kf5 {[%clk 00:20:13]} {[%emt 00:01:30]} 41.
Kd3 {[%clk 00:18:51]} {[%emt 00:12:21]} Ne6 {[%clk 00:46:24]} {[%emt 00:04:19]}
42. a5 {[%clk 00:11:59]} {[%emt 00:07:21]} Rh2 {[%clk 00:40:53]} {[%emt
00:06:01]} 43. b6 {[%clk 00:04:09]} {[%emt 00:08:21]} axb6 {[%clk 00:40:07]}
{[%emt 00:01:16]} 44. axb6 {[%clk 00:04:37]} {[%emt 00:00:01]} Nxg5 {[%clk
00:39:33]} {[%emt 00:01:05]} 45. c7 {[%clk 00:04:12]} {[%emt 00:00:55]} Nxe4
{[%clk 00:39:54]} {[%emt 00:00:08]} 46. c8=Q+ {[%clk 00:04:34]} {[%emt
00:00:09]} Ke5 {[%clk 00:40:18]} {[%emt 00:00:06]} 47. Qe8+ {[%clk 00:04:51]}
{[%emt 00:00:12]} 1-0

[Event "DEM U12 2023"]
[Site "Willingen GER"]
[Date "2023.05.31"]
[Round "6"]
[White "Mandalka, Justus"]
[Black "Mohylnyi, Stepan"]
[Result "1/2-1/2"]
[Termination "normal"]
[Board "5"]
[WhiteElo "1560"]
[BlackElo "2073"]
[WhiteClock "00:29:47"]
[BlackClock "01:04:28"]
[PlyCount "92"]
[WhiteFideId "16298144"]
[BlackFideId "34127836"]
[EventCountry "GER"]
[EventRounds "9"]
[EventType "swiss"]
[EventDate "2023.05.27"]

1. e4 {[%clk 01:30:59]} {[%emt 00:00:01]} e6 {[%clk 01:30:53]} {[%emt
00:00:07]} 2. d4 {[%clk 01:31:24]} {[%emt 00:00:04]} d5 {[%clk 01:31:21]}
{[%emt 00:00:03]} 3. Nd2 {[%clk 01:31:48]} {[%emt 00:00:05]} Nf6 {[%clk
01:31:47]} {[%emt 00:00:05]} 4. e5 {[%clk 01:32:09]} {[%emt 00:00:08]} Nfd7
{[%clk 01:32:15]} {[%emt 00:00:03]} 5. f4 {[%clk 01:32:27]} {[%emt 00:00:11]}
c5 {[%clk 01:32:42]} {[%emt 00:00:04]} 6. Ngf3 {[%clk 01:32:52]} {[%emt
00:00:05]} Nc6 {[%clk 01:33:07]} {[%emt 00:00:05]} 7. Nb3 {[%clk 01:33:16]}
{[%emt 00:00:07]} c4 {[%clk 01:27:49]} {[%emt 00:05:48]} 8. Nbd2 {[%clk
01:33:38]} {[%emt 00:00:07]} f5 {[%clk 01:28:13]} {[%emt 00:00:07]} 9. Be2
{[%clk 01:23:51]} {[%emt 00:10:15]} Be7 {[%clk 01:26:28]} {[%emt 00:02:15]} 10.
O-O {[%clk 01:23:06]} {[%emt 00:01:15]} b5 {[%clk 01:26:37]} {[%emt 00:00:22]}
11. c3 {[%clk 01:21:21]} {[%emt 00:02:14]} b4 {[%emt 00:00:49]} 12. Kh1 {[%clk
01:17:03]} {[%emt 00:04:46]} Nb6 {[%clk 01:23:52]} {[%emt 00:03:00]} 13. Rg1
{[%clk 01:16:10]} {[%emt 00:01:21]} h5 {[%clk 01:23:27]} {[%emt 00:00:55]} 14.
Ng5 {[%clk 01:13:51]} {[%emt 00:02:49]} g6 {[%clk 01:22:35]} {[%emt 00:01:23]}
15. Ndf3 {[%clk 01:11:30]} {[%emt 00:02:51]} Kf8 {[%clk 01:20:48]} {[%emt
00:02:17]} 16. Nh4 {[%clk 01:04:55]} {[%emt 00:07:05]} Qe8 {[%clk 01:19:55]}
{[%emt 00:01:23]} 17. Qe1 {[%clk 00:56:44]} {[%emt 00:08:41]} Bxg5 {[%clk
01:18:28]} {[%emt 00:01:57]} 18. fxg5 {[%clk 00:57:05]} {[%emt 00:00:08]} a5
{[%clk 01:18:47]} {[%emt 00:00:12]} 19. Bd2 {[%clk 00:47:50]} {[%emt 00:09:44]}
bxc3 {[%clk 01:08:11]} {[%emt 00:11:07]} 20. Bxc3 {[%clk 00:47:48]} {[%emt
00:00:32]} Kg7 {[%clk 01:08:22]} {[%emt 00:00:19]} 21. Qd2 {[%clk 00:38:15]}
{[%emt 00:10:02]} Qe7 {[%clk 01:02:03]} {[%emt 00:06:50]} 22. a3 {[%clk
00:28:33]} {[%emt 00:10:12]} Na4 {[%clk 01:00:12]} {[%emt 00:02:21]} 23. g3
{[%clk 00:22:16]} {[%emt 00:06:46]} Bd7 {[%clk 01:00:02]} {[%emt 00:00:41]} 24.
Ng2 {[%clk 00:20:24]} {[%emt 00:02:21]} Rhb8 {[%clk 00:57:26]} {[%emt
00:03:07]} 25. h4 {[%clk 00:19:31]} {[%emt 00:01:23]} Ra7 {[%clk 00:52:37]}
{[%emt 00:05:19]} 26. Nf4 {[%clk 00:18:16]} {[%emt 00:01:44]} Be8 {[%clk
00:52:34]} {[%emt 00:00:34]} 27. Bd1 {[%clk 00:14:57]} {[%emt 00:03:49]} Nxc3
{[%clk 00:52:49]} {[%emt 00:00:15]} 28. Qxc3 {[%clk 00:15:11]} {[%emt
00:00:16]} Rab7 {[%clk 00:52:54]} {[%emt 00:00:25]} 29. Rg2 {[%clk 00:14:27]}
{[%emt 00:01:13]} Kf7 {[%clk 00:51:41]} {[%emt 00:01:44]} 30. Ba4 {[%clk
00:12:50]} {[%emt 00:02:07]} Rb6 {[%clk 00:50:49]} {[%emt 00:01:23]} 31. Ra2
{[%clk 00:11:41]} {[%emt 00:01:38]} Qa7 {[%clk 00:50:16]} {[%emt 00:01:02]} 32.
Rd2 {[%clk 00:10:45]} {[%emt 00:01:26]} Ne7 {[%clk 00:49:49]} {[%emt 00:00:57]}
33. Bd1 {[%clk 00:08:43]} {[%emt 00:02:32]} Nc8 {[%clk 00:46:23]} {[%emt
00:03:57]} 34. Qf3 {[%clk 00:08:17]} {[%emt 00:00:55]} Ke7 {[%clk 00:45:42]}
{[%emt 00:01:12]} 35. Qc3 {[%clk 00:05:51]} {[%emt 00:02:55]} R6b7 {[%clk
00:45:57]} {[%emt 00:00:16]} 36. Qf3 {[%clk 00:05:43]} {[%emt 00:00:36]} Nb6
{[%clk 00:46:10]} {[%emt 00:00:18]} 37. Kh2 {[%clk 00:04:15]} {[%emt 00:01:58]}
Kf7 {[%clk 00:42:45]} {[%emt 00:03:56]} 38. Nxg6 {[%clk 00:02:16]} {[%emt
00:02:29]} Kxg6 {[%clk 00:42:31]} {[%emt 00:00:44]} 39. Qxh5+ {[%clk 00:02:41]}
{[%emt 00:00:05]} Kg7 {[%clk 00:42:57]} {[%emt 00:00:03]} 40. Qh6+ {[%clk
00:03:02]} {[%emt 00:00:09]} Kg8 {[%clk 00:43:17]} {[%emt 00:00:10]} 41. Qxe6+
{[%clk 00:01:57]} {[%emt 00:01:34]} Bf7 {[%clk 00:42:38]} {[%emt 00:01:10]} 42.
Qxf5 {[%clk 00:01:48]} {[%emt 00:00:39]} c3 {[%clk 00:38:34]} {[%emt 00:04:35]}
43. bxc3 {[%clk 00:01:40]} {[%emt 00:00:38]} Nc4 {[%clk 00:39:02]} {[%emt
00:00:02]} 44. Rf2 {[%clk 00:29:11]} {[%emt 00:02:59]} Ne3 {[%clk 01:07:38]}
{[%emt 00:01:54]} 45. Qf3 {[%clk 00:29:24]} {[%emt 00:00:16]} Nxd1 {[%clk
01:07:48]} {[%emt 00:00:21]} 46. Qxd1 {[%clk 00:29:47]} {[%emt 00:00:06]} Rb6
{[%clk 01:04:28]} 1/2-1/2

[Event "DEM U12 2023"]
[Site "Willingen GER"]
[Date "2023.05.31"]
[Round "6"]
[White "Herrmann, Arthur"]
[Black "Mukazhanov, Mansur"]
[Result "1-0"]
[Termination "normal"]
[Board "6"]
[WhiteElo "1875"]
[BlackElo "1563"]
[WhiteClock "00:28:28"]
[BlackClock "00:20:51"]
[PlyCount "63"]
[WhiteFideId "16287150"]
[BlackFideId "13752324"]
[EventCountry "GER"]
[EventRounds "9"]
[EventType "swiss"]
[EventDate "2023.05.27"]

1. e4 {[%clk 01:30:58]} {[%emt 00:00:02]} e6 {[%clk 01:30:44]} {[%emt
00:00:17]} 2. d4 {[%clk 01:31:23]} {[%emt 00:00:05]} d5 {[%clk 01:31:08]}
{[%emt 00:00:05]} 3. Nc3 {[%clk 01:31:48]} {[%emt 00:00:05]} Bb4 {[%clk
01:31:34]} {[%emt 00:00:04]} 4. exd5 {[%clk 01:32:13]} {[%emt 00:00:05]} exd5
{[%clk 01:31:30]} {[%emt 00:00:34]} 5. Bd3 {[%clk 01:32:38]} {[%emt 00:00:06]}
Nf6 {[%clk 01:31:50]} {[%emt 00:00:10]} 6. Nge2 {[%clk 01:32:34]} {[%emt
00:00:33]} Nc6 {[%clk 01:31:43]} {[%emt 00:00:37]} 7. O-O {[%clk 01:28:36]}
{[%emt 00:04:29]} O-O {[%clk 01:31:56]} {[%emt 00:00:17]} 8. a3 {[%clk
01:26:32]} {[%emt 00:02:34]} Bd6 {[%clk 01:26:45]} {[%emt 00:05:39]} 9. h3
{[%clk 01:20:06]} {[%emt 00:06:57]} h6 {[%clk 01:26:43]} {[%emt 00:00:33]} 10.
Be3 {[%clk 01:18:59]} {[%emt 00:01:36]} a6 {[%clk 01:24:10]} {[%emt 00:03:04]}
11. Qd2 {[%clk 01:16:20]} {[%emt 00:03:08]} Ne7 {[%clk 01:19:33]} {[%emt
00:05:06]} 12. Ng3 {[%clk 01:08:29]} {[%emt 00:08:23]} h5 {[%clk 01:08:36]}
{[%emt 00:11:27]} 13. Bg5 {[%clk 01:05:00]} {[%emt 00:03:58]} Nh7 {[%clk
00:50:51]} {[%emt 00:18:15]} 14. Bxh7+ {[%clk 00:53:01]} {[%emt 00:12:29]} Kxh7
{[%clk 00:48:35]} {[%emt 00:02:47]} 15. Qd3+ {[%clk 00:52:30]} {[%emt
00:00:59]} Kg8 {[%clk 00:43:14]} {[%emt 00:05:52]} 16. Nxd5 {[%clk 00:50:31]}
{[%emt 00:02:30]} f6 {[%clk 00:39:17]} {[%emt 00:04:26]} 17. Nxe7+ {[%clk
00:49:59]} {[%emt 00:01:02]} Qxe7 {[%clk 00:38:30]} {[%emt 00:01:17]} 18. Bd2
{[%clk 00:49:05]} {[%emt 00:01:23]} Qf7 {[%clk 00:38:37]} {[%emt 00:00:24]} 19.
Rfe1 {[%clk 00:47:37]} {[%emt 00:01:56]} Bd7 {[%clk 00:31:38]} {[%emt
00:07:31]} 20. Nf5 {[%clk 00:38:29]} {[%emt 00:09:38]} Qd5 {[%clk 00:28:28]}
{[%emt 00:03:40]} 21. Nxd6 {[%clk 00:38:00]} {[%emt 00:00:59]} Qxd6 {[%clk
00:28:47]} {[%emt 00:00:11]} 22. Bb4 {[%clk 00:37:55]} {[%emt 00:00:35]} Qd5
{[%clk 00:27:46]} {[%emt 00:01:31]} 23. Bxf8 {[%clk 00:35:00]} {[%emt
00:03:25]} Kxf8 {[%clk 00:28:04]} {[%emt 00:00:12]} 24. c4 {[%clk 00:34:31]}
{[%emt 00:00:59]} Qg8 {[%clk 00:25:42]} {[%emt 00:02:52]} 25. d5 {[%clk
00:32:07]} {[%emt 00:02:54]} Qf7 {[%clk 00:23:53]} {[%emt 00:02:19]} 26. Re3
{[%clk 00:30:14]} {[%emt 00:02:22]} b6 {[%clk 00:23:46]} {[%emt 00:00:38]} 27.
d6 {[%clk 00:29:24]} {[%emt 00:01:19]} Re8 {[%clk 00:21:31]} {[%emt 00:02:46]}
28. Rae1 {[%clk 00:29:10]} {[%emt 00:00:42]} cxd6 {[%clk 00:21:12]} {[%emt
00:00:51]} 29. Qxd6+ {[%clk 00:29:19]} {[%emt 00:00:20]} Kg8 {[%clk 00:21:31]}
{[%emt 00:00:11]} 30. Re7 {[%clk 00:28:17]} {[%emt 00:01:31]} Rxe7 {[%clk
00:20:30]} {[%emt 00:01:32]} 31. Rxe7 {[%clk 00:28:24]} {[%emt 00:00:23]} Qxc4
{[%clk 00:20:51]} {[%emt 00:00:10]} 32. Rxd7 {[%clk 00:28:28]} {[%emt
00:00:26]} 1-0